Jednáme s čínskými podniky

Do číny smeruje najviac zahraničného kapitálu, aj niektoré české podniky. Charakteristika čínskeho hospodárstva. Hospodársky rast umožňujú 4 veľké modernizácie: poľnohospodárstva, priemyslu, vedy a techniky, národnej obrany. Štát uvoľnil súkromné podnikanie, bol vpustený zahraničný kapitál. Odborná...

Descrizione completa

Salvato in:
Dettagli Bibliografici
Autore principale: Jirásek, J.
Natura: Capitolo di libro
Lingua:ceco
Soggetti:
Tags: Aggiungi Tag
Nessun Tag, puoi essere il primo ad aggiungerne!!

MARC

LEADER 00000naa a2200000 4500
001 r015499
005 20221213082429.6
041 0 |a cze 
044 |a CZ 
245 1 0 |a Jednáme s čínskými podniky  |c J. Jirásek 
520 |a Do číny smeruje najviac zahraničného kapitálu, aj niektoré české podniky. Charakteristika čínskeho hospodárstva. Hospodársky rast umožňujú 4 veľké modernizácie: poľnohospodárstva, priemyslu, vedy a techniky, národnej obrany. Štát uvoľnil súkromné podnikanie, bol vpustený zahraničný kapitál. Odborná úroveň a strojné vybavenie čínskych podnikov. Najvýhodnejšou formou podnikania je spoločný podnik (joint venture). Mimoriadnu úlohu v čínskych podnikoch plní kolektív. Prevláda kolektívne posudzovanie pred manažérskym rozhodnutím. Personálne riadenie. 
610 2 0 |a podnikanie 
610 2 0 |a Čína 
610 2 0 |a Česko 
610 2 0 |a rast hospodársky 
610 2 0 |a podnikanie súkromné 
610 2 0 |a kapitál zahraničný 
610 2 0 |a joint ventures 
610 2 0 |a organizácia podniku 
610 2 0 |a práca personálna 
100 1 |a Jirásek, J.